La protección social en el Caribe de habla inglesa /
Guardado en:
| Autor principal: | |
|---|---|
| Formato: | Texto |
| Materias: | |
| Etiquetas: |
Agregar Etiqueta
Sin Etiquetas, Sea el primero en etiquetar este registro!
|
MARC
| LEADER | 00000 a a2200000 04500 | ||
|---|---|---|---|
| 001 | 16012 | ||
| 003 | |||
| 040 | |||
| 100 | |a Paddison, Oliver | ||
| 245 | |a La protección social en el Caribe de habla inglesa / |c Oliver Paddison | ||
| 650 | |a SEGURIDAD SOCIAL | ||
| 650 | |a PENSIONES | ||
| 650 | |a ASPECTOS ECONOMICOS | ||
| 650 | |a ASPECTOS DEMOGRAFICOS | ||
| 650 | |a CARIBE | ||
| 650 | |a AMERICA LATINA | ||
| 773 | |g número 92; páginas 101-121 | ||
| 999 | |c 27998 |d 27998 | ||
